000 00282nam a22000977a 4500
008 140115b xxu||||| |||| 00| 0 eng d
050 _aBL2400.L84 1999
245 _aAfrican Religion
_bWorld Religions
_cAloysius M. Lugira
260 _aNew York
_bFacts On File, Inc
_c1999
999 _c119573
_d119573